| 000 | 00737cam a22002293a 4500 | ||
|---|---|---|---|
| 001 | 23354 | ||
| 003 | PGUSA | ||
| 005 | 20140828083510.0 | ||
| 008 | 071106s2007||||xxu|||||s|||||000 | eng d | ||
| 040 |
_aPGUSA _beng |
||
| 042 | _adc | ||
| 050 | 4 | _aQK | |
| 100 | 1 |
_aMasters, Maxwell T. _q(Maxwell Tylden), _d1833-1907 |
|
| 245 | 1 | 0 |
_aVegetable Teratology : _bAn Account of the Principal Deviations from the Usual Construction of Plants _h[electronic resource] / _cMaxwell T. Masters |
| 260 |
_bProject Gutenberg, _c2007 |
||
| 506 | _aPublic domain in the USA. | ||
| 516 | _aElectronic text | ||
| 653 | _aPlants -- Abnormalities | ||
| 830 | 0 |
_aProject Gutenberg _v23354 |
|
| 856 | 4 | 0 | _uhttp://www.gutenberg.org/ebooks/23354 |
| 942 | _cEB | ||
| 999 |
_c252609 _d252609 |
||